| 000 | 00381nam a2200145 a 4500 | ||
|---|---|---|---|
| 001 | 1530 | ||
| 003 | CDMR | ||
| 005 | 20130116135212.0 | ||
| 008 | 130130s2008||||||||||||||||||||||||||||d | ||
| 040 |
_aCDMR _bcat _cCPC GIRONA |
||
| 100 | 1 |
_aTorroella Plaja, Miquel _91155 |
|
| 245 | 1 | 0 |
_aHistòria de Palafrugell i la seva comarca _cTorroella Plaja, M. |
| 260 |
_c2008 _bVaris |
||
| 942 | _cMON | ||
| 999 |
_c1530 _d1530 |
||